| 000 | 00799cam a22002651 4500 | ||
|---|---|---|---|
| 001 | 23622 | ||
| 003 | BD-RjUL | ||
| 005 | 20211209000942.0 | ||
| 008 | 140311s1947 ii b 001 0 eng d | ||
| 035 | _a(BD-RjUL)23687 | ||
| 035 | _a(OCoLC)4072592 | ||
| 040 |
_aDLC _cMnU _dDLC _dBD-RjUL _beng |
||
| 041 | _aeng | ||
| 082 | 0 | 0 |
_a338.1 _bRAA V-1 1947 |
| 100 | 1 | 0 |
_aRay, Parimalkumar. _972703 |
| 245 | 1 | 0 |
_aAgricultural economics of Bengal / _cwith a foreword by Syama Prasad Mookerjee. |
| 260 |
_aCalcutta : _bUniversity of Calcutta, _c1947 |
||
| 300 |
_a235p. : _bill. ; _c23 cm. |
||
| 500 | _aIncludes Index | ||
| 505 | 0 | _aPt. 1 -- | |
| 650 | 0 |
_aAgriculture _xEconomic aspects _zIndia _zBengal. _972704 |
|
| 700 | 1 |
_a Mookerjee, Syama Prasad _972705 |
|
| 942 |
_2ddc _cBK |
||
| 999 |
_c23622 _d23622 |
||